Mind and art / (Record no. 150683)
[ view plain ]
| 000 -LEADER | |
|---|---|
| fixed length control field | 00651nam a22002057a 4500 |
| 005 - DATE AND TIME OF LATEST TRANSACTION | |
| control field | 20180412104316.0 |
| 010 ## - LCCN (DPL NO) | |
| LC control number | ENG-122456 |
| 020 ## - INTERNATIONAL STANDARD BOOK NUMBER | |
| International Standard Book Number | 9788171393473 |
| Terms of availability | 650.00 |
| 035 ## - SYSTEM CONTROL NUMBER | |
| System control number | EN-105988 |
| 037 ## - SOURCE OF ACQUISITION | |
| Source of stock number/acquisition | DBAD/PUB |
| 082 ## - DEWEY DECIMAL CLASSIFICATION NUMBER | |
| Classification number | 128.2 |
| 245 ## - TITLE STATEMENT | |
| Title | Mind and art / |
| Statement of responsibility, etc | ed. by Anand Sidhartha [and] Priya Ranjan Trivedi |
| 260 ## - PUBLICATION, DISTRIBUTION, ETC. (IMPRINT) | |
| Place of publication, distribution, etc | New Delhi |
| Name of publisher, distributor, etc | Jnanada Prakashan (P&D) |
| Date of publication, distribution, etc | 2016 |
| 270 ## - ADDRESS | |
| Address | 4837/2, 24, Ansari Road, Daryaganj, |
| City | New Delhi |
| Postal code | 110002 |
| 300 ## - PHYSICAL DESCRIPTION | |
| Extent | 214p. |
| Other physical details | ill. |
| Dimensions | 21cm(Hb) |
| 500 ## - GENERAL NOTE | |
| General note | Includes bibliography [and] index |
| 700 ## - ADDED ENTRY--PERSONAL NAME | |
| Dates associated with a name | Sidhartha. Anand |
| 700 ## - ADDED ENTRY--PERSONAL NAME | |
| Dates associated with a name | Trivedi, Priya Ranjan |
| 942 ## - ADDED ENTRY ELEMENTS (KOHA) | |
| Source of classification or shelving scheme | Dewey Decimal Classification |
| Item type | English Books |
| Call number suffix | MIN |
| Classification part | 128.2 |
| Withdrawn status | Lost status | Not for loan | Collection code | Home library | Current library | Date acquired | Source of acquisition | Cost, normal purchase price | Full call number | Barcode | Copy number | Cost, replacement price | Koha item type |
|---|---|---|---|---|---|---|---|---|---|---|---|---|---|
| Non-fiction | Shahdara Branch | Shahdara Branch | 03/04/2018 | DBAD/PUB | 650.00 | 128.2 MIN | EN-105988 | 1 | 650.00 | English Books |
